LDAP system administration
Պահպանված է:
| Հիմնական հեղինակ: | |
|---|---|
| Ձևաչափ: | Գիրք |
| Լեզու: | անգլերեն |
| Հրապարակվել է: |
Sebastopol
O'Reilly
2003
|
| Խորագրեր: | |
| Ցուցիչներ: |
Ավելացրեք ցուցիչ
Չկան պիտակներ, Եղեք առաջինը, ով նշում է այս գրառումը!
|
MARC
| LEADER | 00000nam a2200000 a 4500 | ||
|---|---|---|---|
| 001 | UCI2598 | ||
| 003 | CL-VaPUC | ||
| 008 | 070831e20030000us |||||||||||||||||eng|d | ||
| 020 | |a 1565924916 | ||
| 082 | 0 | 4 | |a 004.62 |b CAR |2 21 |
| 100 | 0 | |a Carter, Gerald |e author |9 523646 | |
| 245 | 1 | 0 | |a LDAP system administration |
| 300 | |a 294 p | ||
| 942 | |c BK | ||
| 945 | |d 20070831 00:00:00 |a rbrito | ||
| 260 | |a Sebastopol |b O'Reilly |c 2003 | ||
| 650 | 7 | |a LDAP |2 CL-VaPUC |9 523623 | |
| 650 | 7 | |a SISTEMA DE ADMINISTRACION |2 CL-VaPUC |9 523647 | |
| 650 | 0 | |a Redes de computadores |9 263293 | |
| 583 | |a last modification |c 20171130 02:26:33 |k Rodrigo Vera | ||
| 999 | |c 327087 |d 327085 | ||
| 952 | |0 0 |1 0 |4 0 |6 004_620000000000000_CAR_2003 |7 0 |8 A |9 409503 |a BIBING |b BIBING |d 2019-11-22 |i 4368460 |o 004.62 CAR 2003 |p 4368460 |r 2024-01-25 |w 2019-11-22 |y BK |k EII | ||